| 000 | 00480nam a22001457a 4500 | ||
|---|---|---|---|
| 020 | _a9788131791264 | ||
| 082 |
_a658.5 _bANU |
||
| 100 | _aAnupindi, Ravi | ||
| 245 |
_aManaging Business Process Flow: _bPrinciples of Operations Management / _cRavi Anupindi & Shuhakar D. Deshmukh & Jan A. Van Mieghem and Eitan Zemel |
||
| 250 | _a3rd Edition. | ||
| 260 |
_aNew Delhi : _bPearson Educations, _c2013. |
||
| 300 |
_a334 p. ; _c25 cm. |
||
| 563 | _aPBK. | ||
| 942 |
_2ddc _cBK |
||
| 999 |
_c594119 _d594119 |
||